000 00291nam a22001217a 4500
082 _a620.104
_bMAR
100 _aMariam, J.L
245 _aEngineering Mechanics Dynamics vol-2
260 _bWiley
_c2004
300 _a710
_c25 cm
700 _aJ.L Meriam
_913429
942 _2ddc
_cBK
999 _c603116
_d603116